| 000 | 00579nam a2200181Ia 4500 | ||
|---|---|---|---|
| 003 | GCL | ||
| 008 | 140319s9999 xx 000 0 ara d | ||
| 040 |
_aGCL / _cGCL |
||
| 082 | 0 | 4 |
_a382.17 _bق م |
| 100 | 1 | _aقطب ابراهيم محمد | |
| 245 | 1 | 0 |
_aالموازنة العامة للدولة / _cقطب ابراهيم محمد |
| 260 |
_a[S.N] : _bالهيئة المصرية العامة للكتاب ، _c1994 |
||
| 490 | _a | ||
| 650 | 0 | 4 | _aالسياسة المالية |
| 650 | 0 | 4 | _aالميزانية |
| 650 | 0 | 4 | _aالمالية العامة |
| 942 |
_2ddc _cBK |
||
| 999 |
_c34697 _d34697 |
||